LIBRARY & INFORMATION CENTRE, KCAET, TAVANUR

ONLINE PUBLIC ACCESS CATALOGUE (OPAC)

english literature of the eighteen century / (Record no. 17785)

MARC details
000 -LEADER
fixed length control field 00378cam a2200145ua 4500
003 - CONTROL NUMBER IDENTIFIER
control field OSt
008 - FIXED-LENGTH DATA ELEMENTS--GENERAL INFORMATION
fixed length control field 231113b |||||||| |||| 00| 0 eng d
041 ## - LANGUAGE CODE
Language code of text/sound track or separate title eng
082 ## - DEWEY DECIMAL CLASSIFICATION NUMBER
Classification number 828.09
Item number CHU/EN
100 ## - MAIN ENTRY--AUTHOR NAME
Personal name Churchill, R,.C .
245 ## - TITLE STATEMENT
Title english literature of the eighteen century /
260 ## - PUBLICATION, DISTRIBUTION, ETC. (IMPRINT)
Place of publication :
Name of publisher University National press ,
Year of publication 1961.
300 ## - PHYSICAL DESCRIPTION
Number of Pages 319 ; .
942 ## - ADDED ENTRY ELEMENTS (KOHA)
Koha item type Books
Holdings
Withdrawn status Lost status Damaged status Home library Current library Date acquired Full call number Accession Number Koha item type
Withdrawn     KAUAET Central Prison Tavanur 13/11/2023 828.09 CHU/EN 11530 Books
free website counter